| 000 | 01032cab a2200241 4500 | ||
|---|---|---|---|
| 001 | ABS58471 | ||
| 008 | 090401t1998 xxu||||| |||| 00| 0 eng d | ||
| 035 | _a(Sirsi) u85313 | ||
| 041 | _aeng | ||
| 245 | _aParkins v Westminster CC | ||
| 260 | _c1998 | ||
| 350 | _a0 | ||
| 490 |
_aEstates Gazette Law Reports _v[1998] 13 EG 145-148(4) |
||
| 520 | _aCA 20 November 1997. The council appellants granted the respondent a licence to occupy a flat on a shared basis. Council gave notice to the respondent. The county court held that the respondent had a secure tenancy of the flat. The council appealed, arguing that licence of a bedroom and shared use of whole flat did not create a secure tenancy. Held: Appeal was allowed. The council`s contentions were unanswerable. | ||
| 650 | _aEXCLUSIVE POSSESSION | ||
| 650 | _aFLATS | ||
| 650 | _aHOUSING ACT 1985 | ||
| 650 | _aLICENCE AGREEMENTS | ||
| 650 | _aSECURE TENANCY | ||
| 690 | _aLANDLORD AND TENANT-CASE LAW-RESIDENTIAL TENANCIES | ||
| 942 | _n0 | ||
| 948 | _c31/03/1998 | ||
| 999 |
_c53641 _d53641 |
||